00567nam a2200205Ia 450000500170000000800410001702000150005808200210007310000130009424500230010726000370013030000170016765000130018465000230019765000100022065000130023094200060024395200970024999900150034620250122032814.0240331s9999 xx 000 0 und d a8171323634 bDES21950a305.4 aDesai, L 0aIssues in Feminism aJaipurbPointer Publishersc2004 avii, 216 p., aFeminism aSex Discrimination aWomen aMarxism  cL 001040708LaWERCLbWERCLcSSCd2024-03-31l0o 305.4 DESp1950r2024-03-31w2024-03-31yL c3530d3530